000
00337nam a2200157Ia 4500
001
19318
003
GE_BSU
008
181216s||||||||xx |||||||||||||| ||und||
040
_c
GE_BSU
245
_a
Le Point №2288. 14 juillet.2016.
260
_a
Paris
260
_c
2016
300
_a
107p;ill;30cm
653
_a
Le Point
942
_c
CR
999
_c
52302
_d
52302